Statistics for Florida Counties Quiz

Click here to take the quiz!

General Stats

  • This quiz has been taken 8,032 times
  • The average score is 31 of 67

Answer Stats

Seat County % Correct
MiamiMiami-Dade
90%
OrlandoOrange
81%
Fort LauderdaleBroward
72%
West Palm BeachPalm Beach
70%
Key WestMonroe
65%
JacksonvilleDuval
64%
MariannaJackson
62%
BartowPolk
61%
ClearwaterPinellas
61%
ChipleyWashington
60%
TampaHillsborough
59%
Fort MyersLee
58%
TavaresLake
58%
TitusvilleBrevard
57%
MonticelloJefferson
56%
SanfordSeminole
55%
SarasotaSarasota
55%
St. AugustineSt. Johns
52%
MadisonMadison
52%
PensacolaEscambia
51%
TallahasseeLeon
51%
OkeechobeeOkeechobee
50%
BradentonManatee
50%
GainesvilleAlachua
50%
Fort PierceSt. Lucie
49%
DeLandVolusia
48%
Panama CityBay
48%
KissimmeeOsceola
47%
East NaplesCollier
47%
InvernessCitrus
46%
Fernandina BeachNassau
45%
Vero BeachIndian River
45%
BunnellFlagler
44%
Dade CityPasco
43%
StuartMartin
43%
OcalaMarion
43%
BrooksvilleHernando
42%
ApalachicolaFranklin
42%
Port St JoeGulf
42%
Green Cove
Springs
Clay
41%
MiltonSanta Rosa
41%
ArcadiaDeSoto
39%
DeFuniak SpringsWalton
38%
Punta GordaCharlotte
38%
BushnellSumter
37%
Moore HavenGlades
37%
BronsonLevy
36%
Lake ButlerUnion
36%
PerryTaylor
36%
CrestviewOkaloosa
36%
JasperHamilton
35%
Cross CityDixie
35%
MacclennyBaker
35%
PalatkaPutnam
34%
LaBelleHendry
34%
Lake CityColumbia
34%
BristolLiberty
33%
WauchulaHardee
33%
SebringHighlands
33%
Live OakSuwannee
33%
BlountstownCalhoun
32%
QuincyGadsden
32%
TrentonGilchrist
31%
CrawfordvilleWakulla
31%
StarkBradford
30%
BonifayHolmes
29%
MayoLafayette
26%

Score Distribution

Percentile by Number Answered

Percent of People with Each Score

Your Score History

You have not taken this quiz